Soccer Dribbling and Feinting (Record no. 11317)

MARC details
000 -LEADER
fixed length control field 00266nam a22000977a 4500
008 - FIXED-LENGTH DATA ELEMENTS--GENERAL INFORMATION
fixed length control field 190219b ||||| |||| 00| 0 eng d
020 ## - INTERNATIONAL STANDARD BOOK NUMBER
International Standard Book Number 9781841263014
100 ## - MAIN ENTRY--PERSONAL NAME
Personal name Dooley Thomas
9 (RLIN) 7058
245 ## - TITLE STATEMENT
Title Soccer Dribbling and Feinting
260 ## - PUBLICATION, DISTRIBUTION, ETC. (IMPRINT)
Place of publication, distribution, etc. UK
Name of publisher, distributor, etc. Meyer & Meyer Sport
Date of publication, distribution, etc. 2010
Holdings
Withdrawn status Lost status Source of classification or shelving scheme Damaged status Koha normalized classification for sorting Not for loan Home library Current library Shelving location Date acquired Total Checkouts Full call number Barcode Date last seen Price effective from Koha item type
    Dewey Decimal Classification   796_000000000000000_C10 Not For Loan Good Samaritan School Library Good Samaritan School Library Sports & Games 02/19/2019   796 C-10 DOO15236 02/19/2019 02/19/2019 BOOK

Powered by Koha